Normal view
MARC view
Entry Personal Name
001 - CONTROL NUMBER
- control field: 34988
003 - CONTROL NUMBER IDENTIFIER
- control field: ARRUPE
005 - DATE AND TIME OF LATEST TRANSACTION
- control field: 20170822095932.0
008 - FIXED-LENGTH DATA ELEMENTS
- fixed length control field: 170822|| aca||aabn | a|a d
040 ## - CATALOGING SOURCE
- Original cataloging agency: ARRUPE
- Transcribing agency: ARRUPE
100 ## - HEADING--PERSONAL NAME
- Personal name: Campbell, Linda,
- Dates associated with a name: 1948-2003.
670 ## - SOURCE DATA FOUND
- Source citation: Work cat.: (ARRUPE)0: Campbell, Linda, 1948-2003., Teaching & learning through multiple intelligences /, c2003.